NBA Most Improved Player From 1986-2023 - Statistics

General Stats
  • This quiz has been taken 135 times
  • The average score is 14 of 38
Answer Stats
Hint Team Answer % Correct
2022 Grizzlies Ja Morant
91%
2023 Jazz Lauri Markkanen
89%
2017 Bucks Giannis Antetokounmpo
84%
2019 Raptors Pascal Siakam
83%
2020 Pelicans Brandon Ingram
82%
2021 Knicks Julius Randle
82%
2013 Pacers Paul George
79%
2016 Trailblazers CJ McCollum
75%
2015 Bulls Jimmy Butler
72%
2018 Pacers Victor Oladipo
68%
2011 Timberwolves Kevin Love
57%
2002 Pacers Jermaine O'Neal
49%
2001 Magic Tracy McGrady
46%
2014 Suns Goran Dragic
39%
2009 Pacers Danny Granger
37%
1987 Supersonics Dale Ellis
34%
1989 Suns Kevin Johnson
33%
2000 Pacers Jalen Rose
31%
2003 Warriors Gilbert Arenas
30%
1986 Spurs Alvin Robertson
28%
2012 Magic Ryan Anderson
28%
2008 Magic Hedo Turkoglu
23%
2010 Rockets Aaron Brooks
21%
2004 Trailblazers Zach Randolph
16%
2006 Suns Boris Diaw
15%
1991 Magic Scott Skiles
15%
1996 Bullets Gheorghe Muresan
13%
1988 Trailblazers Kevin Duckworth
13%
1990 Heat Rony Seikaly
13%
1999 Magic Darrel Armstrong
11%
1993 Nuggets Mahmoud Abdul-Rauf
9%
2005 Clippers Bobby Simmons
8%
2007 Wariors Monta Elis
8%
1998 Hawks Alan Henderson
7%
1995 76ers Dana Barros
7%
1997 Heat Isaac Austin
7%
1994 Bullets Don Maclean
6%
1992 Bullets Pervis Ellison
6%
No matching quizzes found
Score Distribution
Percent of People with Each Score
Percentile by Number Answered
Your Score History
You have not taken this quiz